00863nam a2200253 i 450000100060000000300090000600500170001500700030003200800410003502000180007608000140009408000210010810000420012924501120017126000360028330000210031949000160034065000330035665000350038983000240042485200220044899900170047095201220048712217ES-MaACL20250829050155.0t|960126s1994 sp |||| | spa j a84-605-1329-7 a130.2"19" a930.85"1950/..."1 aEsparza, José Javier,d1963-94778210aEjercicios de vértigo b: ensayos sobre la postmodernidad y el fin del milenio / cJosé Javier Esparza. aMadrid : bBarbarroja, c[1994] a131 p ; c21 cm.1 aDisidencias17aPostmodernismo2embne916329 aCivilización-y1945-91600600 aDisidencias9228269 aES-MaACLjL-19585 c12217d12217 00104070aATENEOMbATENEOMcDEPO2d2008-01-17eSCl0oL-19585p1012449r2023-02-23 00:00:00w2023-02-23yMONOGRAFIA